000 00205nam a22000857a 4500
008 170601b xxu||||| |||| 00| 0 eng d
100 _93180
_aMehta. C
245 _aOur Neighbours
260 _aNew Delhi
_bCBT
_c2004
999 _c6483
_d6483